00285nam a2200133Ia 4500008004100000041000800041082001800049100001600067245000900083260001900092300000800111365001600119700001600135230719s9999 xx 000 0 und d aeng a387.7364bFRE aFreiberg K. aNuts c1998bBroadway a362 cRs.b210.00 aFreiberg K.